Statistiken für Top 15 Länder mit Covid-19-Todesfällen - 8. November

Klicken Sie hier um das Quiz zu spielen!

Allgemein

  • Dieses Quiz wurde 10 mal gespielt
  • Das Durchschnittsergebnis liegt bei 15 aus 20

Antwortstatistiken

Land% Korrekt
Indien
100%
Mexiko
100%
Vereinigte Staaten
100%
Argentinien
88%
Brasilien
88%
Frankreich
88%
Italien
88%
Spanien
88%
Belgien
75%
Kolumbien
75%
Russland
75%
Südafrika
75%
Bolivien
63%
Chile
63%
Iran
63%
Peru
63%
Ecuador
50%
Vereinigtes Königreich
50%
Indonesien
38%
Panama
38%

Verteilung der Resultate

Perzentil nach korrekt beantworteten Fragen

Anzahl Personen mit jedem Resultat

Ihre Resultats-Entwicklung

Sie haben dieses Quiz noch nicht gespielt